Theory into practice
Enregistré dans:
| Format: | Publication en série |
|---|---|
| Langue: | anglais |
| Publié: |
Columbus
Ohio State University
1982
|
| Sujets: | |
| Tags: |
Pas de tags, Soyez le premier à ajouter un tag!
|
MARC
| LEADER | 00000nas2a2200000 4500 | ||
|---|---|---|---|
| 001 | s122634 | ||
| 005 | 20250730114209.5 | ||
| 041 | 0 | |a eng | |
| 044 | |a US | ||
| 245 | 1 | 0 | |a Theory into practice |
| 264 | 1 | |a Columbus |b Ohio State University |c 1982 | |
| 300 | |a 1 zv. | ||
| 773 | 0 | |w eu_un_cat*s122635 | |
| 610 | 2 | 0 | |a školy vysoké |